000 01286cam a2200373 a 4500
999 _c8054
_d8054
001 16623862
003 GZU
005 20210517091832.0
008 110125s2012 enka b 001 0 eng d
010 _a 2011921546
015 _aGBB188917
_2bnb
020 _a9780857023933 (hbk.)
020 _a0857023934 (hbk.)
020 _a9780857023940 (pbk.)
020 _a0857023942 (pbk.)
035 _a(OCoLC)ocn761367914
035 _a(OCoLC)761367914
040 _aNLE
_cNLE
_dYDXCP
_dBWX
_dDEBBG
_dUOH
_dDLC
042 _alccopycat
050 0 0 _aMT930
_b.TEA 2012
245 0 0 _aTeaching secondary music /
_cedited by Jayne Price and Jonathan Savage.
260 _aLondon ;
_aThousand Oaks, Calif. :
_bSAGE,
_c2012.
300 _axvii, 155 p. :
_bill. ;
_c25 cm.
500 _aIncludes bibliographical references and index.
504 _aIncludes bibliographical references and index.
650 0 _aMusic
_xInstruction and study
_zGreat Britain.
650 0 _aEducation, Secondary
_zGreat Britain.
700 1 _aPrice, Jayne.
_eeditor
700 1 _aSavage, Jonathan.
_eeditor
906 _a7
_bcbc
_ccopycat
_d2
_encip
_f20
_gy-gencatlg
942 _2lcc
_cBK
_h930
_iTEA
_kMT